[Event "Hordaland-ch"]
[Site "Sotra"]
[Date "2007.03.03"]
[Round "2"]
[White "Skage, Oystein Aagedal"]
[Black "Frimanslund, Berge"]
[Result "1-0"]
[WhiteElo "1649"]
[BlackElo "1152"]
[PlyCount "81"]
[EventDate "2007.03.02"]
[EventType "swiss"]
[EventRounds "5"]
[EventCountry "NOR"]
[SourceTitle "EXT 2010"]
[Source "ChessBase"]
[SourceDate "2010.11.25"]
[SourceVersion "1"]
[SourceVersionDate "2010.11.25"]
[SourceQuality "1"]

1. e4 e5 2. Nf3 Nc6 3. Bb5 d6 4. 0-0 Be7 5. c3 a6 6. Ba4 Nf6 7. Re1 0-0 8. h3 h6 9. d4 b5 10. Bc2 Nh7 11. Nbd2 Ng5 12. a4 Bb7 13. d5 Na7 14. Nf1 c6 15. axb5 axb5 16. Be3 c5 17. b4 Nc8 18. Rxa8 Bxa8 19. bxc5 dxc5 20. Nxe5 Nd6 21. Ng3 Bf6 22. f4 Bxe5 23. fxe5 Nb7 24. h4 Nh7 25. Qg4 Kh8 26. Nh5 g6 27. Bxh6 Rg8 28. Nf4 g5 29. Nh5 Rg6 30. hxg5 Nxg5 31. Nf6 Rxh6 32. Qxg5 Rg6 33. Qh5+ Kg7 34. Qh7+ Kf8 35. Qh8+ Ke7 36. d6+ Ke6 37. Qh3+ Kxe5 38. Qf5+ Kxd6 39. Rd1+ Ke7 40. Rxd8 Rxf6 41. Qd7# 1-0

[Event "Sotra Varturneringen"]
[Site "Sotra"]
[Date "2006.03.30"]
[Round "6"]
[White "Blom, Geir"]
[Black "Frimanslund, Berge"]
[Result "1/2-1/2"]
[WhiteElo "1252"]
[BlackElo "1116"]
[PlyCount "127"]
[EventDate "2006.01.19"]
[EventType "swiss"]
[EventRounds "9"]
[EventCountry "NOR"]
[SourceTitle "EXT 2007"]
[Source "ChessBase"]
[SourceDate "2006.11.23"]
[SourceVersion "1"]
[SourceVersionDate "2006.11.23"]
[SourceQuality "1"]

1. e4 e5 2. Nf3 Nc6 3. Bb5 d6 4. d4 a6 5. Bxc6+ bxc6 6. dxe5 Qe7 7. 0-0 dxe5 8. h3 h6 9. Re1 Qd6 10. Qe2 Be7 11. c4 Nf6 12. Rd1 Qe6 13. Nbd2 Nd7 14. b3 0-0 15. Bb2 a5 16. Nf1 a4 17. Ng3 axb3 18. axb3 Rxa1 19. Rxa1 c5 20. Nf5 Nb8 21. Bxe5 Bf6 22. Qb2 Nd7 23. Bxf6 Nxf6 24. Ng3 g6 25. e5 Nd7 26. Qe2 Bb7 27. Ne4 Nxe5 28. Nfd2 Nd7 29. Qe3 Qe5 30. Re1 Kg7 31. Ng3 Qd4 32. Nf3 Bxf3 33. Qxf3 Ne5 34. Qe3 Re8 35. Kh1 Re7 36. f4 Nc6 37. Qxd4+ cxd4 38. Rxe7 Nxe7 39. Ne4 f5 40. Nc5 g5 41. fxg5 hxg5 42. g3 Kf6 43. Nd3 Nc6 44. Kg2 Ne5 45. Nb2 f4 46. g4 Nc6 47. c5 Ke5 48. Kf3 Nb4 49. Nc4+ Kd5 50. Nd2 c6 51. Ne4 Nd3 52. Nxg5 Nxc5 53. h4 d3 54. h5 Nxb3 55. h6 Nd4+ 56. Kxf4 d2 57. h7 d1Q 58. h8Q Qd2+ 59. Kg3 Qe3+ 60. Kh4 Qf2+ 61. Kh3 Qf1+ 62. Kh2 Qe2+ 63. Kh3 Qe3+ 64. Kh4 1/2-1/2

[Event "Bergen Sommer op-B"]
[Site "Bergen"]
[Date "2005.08.04"]
[Round "5"]
[White "Frimanslund, Berge"]
[Black "Birkestrand, Odd Helge"]
[Result "1/2-1/2"]
[WhiteElo "1084"]
[BlackElo "1378"]
[PlyCount "133"]
[EventDate "2005.07.31"]
[EventType "swiss"]
[EventRounds "6"]
[EventCountry "NOR"]
[SourceTitle "EXT 2006"]
[Source "ChessBase"]
[SourceDate "2005.11.24"]
[SourceVersion "1"]
[SourceVersionDate "2005.11.24"]
[SourceQuality "1"]

1. d4 Nf6 2. c4 c5 3. d5 b5 4. cxb5 a6 5. bxa6 Bxa6 6. Nc3 d6 7. Nf3 Nbd7 8. g3 g6 9. Bg2 Bg7 10. 0-0 0-0 11. Re1 Qc7 12. Qc2 Nb6 13. e4 Nfd7 14. b3 Ne5 15. Bb2 Nbd7 16. Na4 Bd3 17. Qd2 Nxf3+ 18. Bxf3 Bxb2 19. Qxb2 Ne5 20. Bg2 Rfb8 21. Qd2 Ba6 22. Nb2 f6 23. Qc3 Ra7 24. Bf1 Bc8 25. h3 Bd7 26. Kg2 Qc8 27. Kh2 Qf8 28. f4 Nf7 29. Nc4 Bb5 30. a4 Bxc4 31. Bxc4 Qh6 32. Qf3 Rab7 33. Rab1 Rb4 34. Qg4 Qf8 35. Qe6 Kh8 36. Qg4 Qg7 37. h4 h5 38. Qe2 Qh6 39. a5 R4b7 40. a6 Ra7 41. Bb5 Qf8 42. Bc6 Rb6 43. Bb7 Nd8 44. e5 Nxb7 45. axb7 Raxb7 46. exd6 Rxd6 47. Qd3 Qf7 48. Red1 Rbd7 49. Qc4 Rxd5 50. Rxd5 Qxd5 51. Qb5 Kg7 52. Rb2 Ra7 53. Re2 Kf7 54. Qb8 Ra1 55. Rg2 Rb1 56. Qh8 Qd3 57. Qh7+ Ke8 58. Qg8+ Kd7 59. f5 Qxf5 60. Rd2+ Kc7 61. Qd8+ Kc6 62. Qe8+ Kb6 63. Qb8+ Kc6 64. Qa8+ Kc7 65. Qa5+ Kc6 66. Qa6+ Kc7 67. Qa5+ 1/2-1/2

[Event "Bergen Sommer op-B"]
[Site "Bergen"]
[Date "2005.08.01"]
[Round "2"]
[White "Frimanslund, Berge"]
[Black "Lode, Marius Skjefstad"]
[Result "0-1"]
[WhiteElo "1084"]
[BlackElo "1041"]
[PlyCount "120"]
[EventDate "2005.07.31"]
[EventType "swiss"]
[EventRounds "6"]
[EventCountry "NOR"]
[SourceTitle "EXT 2006"]
[Source "ChessBase"]
[SourceDate "2005.11.24"]
[SourceVersion "1"]
[SourceVersionDate "2005.11.24"]
[SourceQuality "1"]

1. d4 Nf6 2. c4 g6 3. Nc3 d5 4. Nf3 Bg7 5. Bf4 0-0 6. e3 c6 7. Be2 Nh5 8. Be5 f6 9. Bxb8 Rxb8 10. Nd2 Bh8 11. Bxh5 gxh5 12. Qxh5 dxc4 13. Nxc4 Be6 14. Nd2 Bf7 15. Qe2 Bg7 16. 0-0 Kh8 17. Rad1 Rg8 18. b3 Bh6 19. Nde4 Qa5 20. Qd2 Bh5 21. f3 Qf5 22. Ng3 Qg6 23. Nce2 Qg5 24. Nf4 Bf7 25. Ne4 Qf5 26. Ng3 Qg5 27. Qc2 e5 28. dxe5 fxe5 29. Ne4 Qg7 30. Nh3 Bxe3+ 31. Kh1 c5 32. Rd7 Qg6 33. Rd6 Be6 34. Re1 Bd4 35. Nhg5 Rbe8 36. Rxe6 Rxe6 37. Nxe6 Qxe6 38. Nd2 Qf6 39. Qe4 Qg5 40. Re2 Bc3 41. Qd3 Bb4 42. Nf1 Rd8 43. Qc2 b6 44. g3 Qf6 45. Kg2 Rf8 46. Qe4 Bc3 47. Ne3 Qg7 48. Ng4 Re8 49. Qc6 Rd8 50. Nf6 Bd4 51. Re4 Rf8 52. Nxh7 Rf4 53. Rxf4 exf4 54. Ng5 Qxg5 55. Qe8+ Kh7 56. Qe4+ Kh6 57. Qe6+ Bf6 58. g4 Qe5 59. Qf7 Qe2+ 60. Kg1 Bd4+ 0-1

[Event "NOR-chB"]
[Site "Stavanger"]
[Date "2005.07.09"]
[Round "9"]
[White "Hansen, Knut Are"]
[Black "Frimanslund, Berge"]
[Result "1-0"]
[WhiteElo "1174"]
[BlackElo "1084"]
[PlyCount "51"]
[EventDate "2005.07.01"]
[EventType "swiss"]
[EventRounds "9"]
[EventCountry "NOR"]
[SourceTitle "CBM 107 Extra"]
[Source "ChessBase"]
[SourceDate "2005.09.01"]
[SourceVersion "1"]
[SourceVersionDate "2005.09.01"]
[SourceQuality "1"]

1. e4 e5 2. Nf3 Nc6 3. Bb5 a6 4. Ba4 Nf6 5. 0-0 b5 6. Bb3 Be7 7. Re1 0-0 8. c3 Na5 9. Bc2 c5 10. Nxe5 d6 11. Nf3 Nc6 12. d4 Bg4 13. Be3 c4 14. Nbd2 Qc7 15. h3 Bh5 16. Bf4 Rad8 17. Re3 Qb7 18. Nf1 h6 19. Bh2 Nh7 20. Ng3 Bxf3 21. Rxf3 Ng5 22. Re3 Nh7 23. Qh5 Qd7 24. Nf5 Qe8 25. Qg4 Kh8 26. Qxg7# 1-0

[Event "NOR-chB"]
[Site "Stavanger"]
[Date "2005.07.06"]
[Round "6"]
[White "Odegaard, Karl Eirik"]
[Black "Frimanslund, Berge"]
[Result "0-1"]
[WhiteElo "1060"]
[BlackElo "1084"]
[PlyCount "116"]
[EventDate "2005.07.01"]
[EventType "swiss"]
[EventRounds "9"]
[EventCountry "NOR"]
[SourceTitle "CBM 107 Extra"]
[Source "ChessBase"]
[SourceDate "2005.09.01"]
[SourceVersion "1"]
[SourceVersionDate "2005.09.01"]
[SourceQuality "1"]

1. e4 e6 2. d4 Nc6 3. Nf3 h6 4. c4 Bb4+ 5. Bd2 Bxd2+ 6. Qxd2 d5 7. e5 Nge7 8. c5 0-0 9. b4 a6 10. Bd3 Nf5 11. Bc2 Bd7 12. h4 f6 13. g4 Nfxd4 14. Nxd4 fxe5 15. Nxc6 Bxc6 16. Qd3 e4 17. Qd4 Qe7 18. Nc3 Rad8 19. Qe5 Rf3 20. Bb3 Qf7 21. Rh2 Rf8 22. 0-0-0 Kh8 23. g5 h5 24. Rd2 Qg6 25. Bc2 R8f5 26. Qxc7 Rxc3 27. a4 Rf7 28. Qe5 Rcf3 29. Qb8+ Rf8 30. Qe5 R3f5 31. Qd6 Qf7 32. Rg2 g6 33. a5 Qg8 34. Rh2 Rd8 35. Qe7 Qe8 36. Qxe8+ Rxe8 37. Rg2 Rd8 38. Rh2 Rf4 39. Bb1 d4 40. Ba2 e5 41. Be6 Kg7 42. Kb2 Rf3 43. Rh3 Rdf8 44. Rxf3 Rxf3 45. Bc8 Rf4 46. Kb3 Rxh4 47. Kc4 Rh2 48. Bxb7 Bxb7 49. b5 e3 50. Rd1 Rxf2 51. c6 axb5+ 52. Kxb5 Rb2+ 53. Kc5 Rc2+ 54. Kd5 Bxc6+ 55. Kxe5 Rd2 56. Rc1 e2 57. Re1 d3 58. Kd6 Rd1 0-1

[Event "NOR-chB"]
[Site "Stavanger"]
[Date "2005.07.05"]
[Round "4"]
[White "Sverdrup, Tore"]
[Black "Frimanslund, Berge"]
[Result "0-1"]
[WhiteElo "1210"]
[BlackElo "1084"]
[PlyCount "42"]
[EventDate "2005.07.01"]
[EventType "swiss"]
[EventRounds "9"]
[EventCountry "NOR"]
[SourceTitle "CBM 107 Extra"]
[Source "ChessBase"]
[SourceDate "2005.09.01"]
[SourceVersion "1"]
[SourceVersionDate "2005.09.01"]
[SourceQuality "1"]

1. c4 e6 2. g3 d5 3. cxd5 exd5 4. Bg2 Nf6 5. d4 Bb4+ 6. Nc3 Ne4 7. Qa4+ Nc6 8. Bxe4 dxe4 9. e3 Bd7 10. Qc2 Qe7 11. Nge2 Bh3 12. Bd2 Rd8 13. a3 Bxc3 14. Bxc3 Bg2 15. Rg1 Bf3 16. g4 f6 17. Rg3 Rd5 18. 0-0-0 Qd7 19. h3 h5 20. Rdg1 h4 21. Nf4 hxg3 0-1

[Event "NOR-chB"]
[Site "Stavanger"]
[Date "2005.07.02"]
[Round "1"]
[White "Frimanslund, Berge"]
[Black "Omland, Harald"]
[Result "1-0"]
[WhiteElo "1084"]
[BlackElo "1239"]
[PlyCount "73"]
[EventDate "2005.07.01"]
[EventType "swiss"]
[EventRounds "9"]
[EventCountry "NOR"]
[SourceTitle "CBM 107 Extra"]
[Source "ChessBase"]
[SourceDate "2005.09.01"]
[SourceVersion "1"]
[SourceVersionDate "2005.09.01"]
[SourceQuality "1"]

1. d4 c5 2. e3 e6 3. Nf3 Nf6 4. Be2 cxd4 5. exd4 Nc6 6. Bg5 Be7 7. 0-0 0-0 8. c4 Ne4 9. Bxe7 Nxe7 10. Qc2 Nf6 11. Nbd2 b6 12. Ne4 Nf5 13. Nxf6+ Qxf6 14. Qe4 d5 15. cxd5 Bb7 16. Qe5 Qxe5 17. dxe5 exd5 18. Bd3 Ne7 19. Nd4 Nc6 20. Nxc6 Bxc6 21. Rac1 Bb7 22. Rc7 Rab8 23. f4 Rfc8 24. Rfc1 g6 25. f5 Re8 26. Re1 Rec8 27. Re7 gxf5 28. Bxf5 Rc6 29. e6 fxe6 30. Bxe6+ Rxe6 31. R1xe6 Bc8 32. Re8+ Kf7 33. R6e7+ Kf6 34. Rc7 d4 35. Rexc8 Rxc8 36. Rxc8 Ke5 37. Kf1 1-0

[Event "Sotra op3"]
[Site "Sotra"]
[Date "2004.09.16"]
[Round "3"]
[White "Frimanslund, Berge"]
[Black "Alikhani, Afshin"]
[Result "0-1"]
[WhiteElo "1052"]
[BlackElo "1418"]
[PlyCount "88"]
[EventDate "2004.09.02"]
[EventType "swiss"]
[EventRounds "9"]
[EventCountry "NOR"]
[SourceTitle "EXT 2008"]
[Source "ChessBase"]
[SourceDate "2007.11.25"]
[SourceVersion "1"]
[SourceVersionDate "2007.11.25"]
[SourceQuality "1"]

1. d4 c6 2. c4 d5 3. e3 Nf6 4. Nc3 g6 5. Nf3 Bg7 6. Qb3 0-0 7. Be2 dxc4 8. Bxc4 b5 9. Be2 Bb7 10. 0-0 Nbd7 11. e4 Nb6 12. e5 Nfd5 13. Be3 a5 14. Nxd5 Qxd5 15. Qxd5 Nxd5 16. a4 Rfb8 17. axb5 cxb5 18. Bd2 b4 19. Rac1 e6 20. Bg5 h6 21. Bd2 Rd8 22. h3 Bf8 23. Nh2 a4 24. Ng4 h5 25. Ne3 Nf4 26. Bb5 Rxd4 27. Rcd1 Rad8 28. Nc4 Bxg2 29. Rfe1 Bf3 30. Ra1 Rxd2 31. Nxd2 Rxd2 32. Bf1 a3 33. bxa3 bxa3 34. Re3 Be2 35. Bg2 Nxg2 36. Kxg2 Bc4 37. Rc3 Bd5+ 38. Kg3 h4+ 39. Kxh4 Rxf2 40. Rc8 Kg7 41. Rc7 Rg2 42. Rf1 Kh6 43. Rf6 Bb4 44. Rc1 Bd2 0-1

[Event "Sotra op1"]
[Site "Sotra"]
[Date "2004.02.26"]
[Round "5"]
[White "Glesnes, Ivar Magne"]
[Black "Frimanslund, Berge"]
[Result "0-1"]
[WhiteElo "601"]
[BlackElo "1014"]
[PlyCount "94"]
[EventDate "2004.01.15"]
[EventType "swiss"]
[EventRounds "9"]
[EventCountry "NOR"]
[SourceTitle "EXT 2008"]
[Source "ChessBase"]
[SourceDate "2007.11.25"]
[SourceVersion "1"]
[SourceVersionDate "2007.11.25"]
[SourceQuality "1"]

1. e4 e5 2. Nf3 d6 3. Nc3 Bg4 4. Be2 Nc6 5. d3 Be7 6. Be3 Bxf3 7. Bxf3 Bg5 8. Nd5 Bxe3 9. fxe3 Nce7 10. Bg4 Nxd5 11. exd5 Qh4+ 12. g3 Qg5 13. Qf3 Nf6 14. Bh3 0-0 15. 0-0-0 Rae8 16. Bf5 g6 17. Be4 Ng4 18. Qe2 Qxe3+ 19. Qxe3 Nxe3 20. Rde1 Ng4 21. Re2 f5 22. Bf3 Nf6 23. Rhe1 Nd7 24. a3 Nc5 25. b4 Na4 26. Kd2 Nb6 27. Kc3 Kg7 28. Kb3 Kf6 29. h4 h5 30. c4 Rh8 31. Rh1 g5 32. hxg5+ Kxg5 33. Rh4 Nd7 34. Rf2 Nf6 35. Bg2 Ng4 36. Rf1 Ne3 37. Rg1 Nxg2 38. Rxg2 f4 39. Rh1 f3 40. Rf2 Rhf8 41. Kc3 e4 42. dxe4 Rxe4 43. Rhf1 Kg4 44. Kd3 Ree8 45. Rg1 Rf7 46. Rgf1 Kxg3 47. Kd2 h4 0-1

[Event "Sotra Hostturneringen"]
[Site "Sotra"]
[Date "2003.12.04"]
[Round "10"]
[White "Frimanslund, Berge"]
[Black "Skare, Nils Kare"]
[Result "0-1"]
[WhiteElo "911"]
[BlackElo "1353"]
[PlyCount "74"]
[EventDate "2003.08.??"]
[EventType "swiss"]
[EventRounds "10"]
[EventCountry "NOR"]
[SourceTitle "EXT 2005"]
[Source "ChessBase"]
[SourceDate "2004.11.15"]
[SourceVersion "1"]
[SourceVersionDate "2004.11.15"]
[SourceQuality "1"]

1. e4 e5 2. Nf3 Nf6 3. Bc4 Be7 4. Nc3 Nc6 5. d4 exd4 6. Nxd4 0-0 7. Nf5 Bb4 8. Bd2 d6 9. Bd3 Re8 10. 0-0 Ne5 11. a3 Ba5 12. b4 Bb6 13. Be3 Nxd3 14. cxd3 Bxf5 15. Bxb6 axb6 16. exf5 Qd7 17. Qf3 Re5 18. Qxb7 Rae8 19. Rac1 Rxf5 20. Ne4 Nd5 21. Rc2 Qd8 22. Qc6 Qa8 23. Re1 Qxc6 24. Rxc6 Ra8 25. h3 Re5 26. Rec1 h6 27. Ra1 Re7 28. b5 Nb4 29. Rc3 Nxd3 30. Nxd6 Nf4 31. Nf5 Rd7 32. Re3 Kf8 33. Kh2 Ne6 34. Rc1 Rd5 35. Rf3 Rxb5 36. Rc6 Rxf5 37. Rxe6 fxe6 0-1

[Event "Sotra Hostturneringen"]
[Site "Sotra"]
[Date "2003.10.30"]
[Round "7"]
[White "Glesnes, Ivar Magne"]
[Black "Frimanslund, Berge"]
[Result "0-1"]
[WhiteElo "598"]
[BlackElo "911"]
[PlyCount "60"]
[EventDate "2003.08.??"]
[EventType "swiss"]
[EventRounds "10"]
[EventCountry "NOR"]
[SourceTitle "EXT 2005"]
[Source "ChessBase"]
[SourceDate "2004.11.15"]
[SourceVersion "1"]
[SourceVersionDate "2004.11.15"]
[SourceQuality "1"]

1. e4 e5 2. Nf3 d6 3. Nc3 c6 4. d3 Bg4 5. Be2 Be7 6. d4 Bxf3 7. Bxf3 exd4 8. Qxd4 Bf6 9. Qd3 Ne7 10. 0-0 Ng6 11. Re1 Ne5 12. Qe2 0-0 13. Bf4 Ng6 14. Bg3 Bxc3 15. bxc3 Qf6 16. Rad1 Ne5 17. Bg4 Na6 18. Rd2 Nxg4 19. Qxg4 Qxc3 20. Red1 d5 21. exd5 cxd5 22. Qg5 d4 23. Be5 f6 24. Bxf6 Rxf6 25. Qd5+ Rf7 26. Rxd4 Re8 27. Kf1 Nb4 28. Qg5 Rfe7 29. Rd8 Re1+ 30. Rxe1 Qxe1# 0-1

[Event "Bergen Sommer op"]
[Site "Bergen"]
[Date "2003.08.07"]
[Round "5"]
[White "Frimanslund, Berge"]
[Black "Lie, Terje"]
[Result "1-0"]
[WhiteElo "911"]
[BlackElo "934"]
[PlyCount "105"]
[EventDate "2003.08.??"]
[EventType "swiss"]
[EventRounds "6"]
[EventCountry "NOR"]
[SourceTitle "EXT 2005"]
[Source "ChessBase"]
[SourceDate "2004.11.15"]
[SourceVersion "1"]
[SourceVersionDate "2004.11.15"]
[SourceQuality "1"]

1. e4 d6 2. Nf3 Nf6 3. Nc3 g6 4. Bc4 Bg7 5. h3 Nc6 6. d4 0-0 7. d5 Na5 8. Bd3 c5 9. b3 Nd7 10. Bb2 Ne5 11. Nxe5 Bxe5 12. Rb1 a6 13. 0-0 b5 14. Qc1 e6 15. Be2 Qh4 16. Bg4 h5 17. g3 Qf6 18. Be2 Bxc3 19. Bxc3 Qxc3 20. Qg5 Qg7 21. Qd2 Nb7 22. c4 b4 23. Kg2 Qd4 24. Qc2 exd5 25. cxd5 f5 26. Bf3 fxe4 27. Bxe4 Bf5 28. Bxf5 Rxf5 29. Rbd1 Qf6 30. Rfe1 Qf7 31. Re6 Re8 32. Rde1 Rxe6 33. dxe6 Qe7 34. Qd3 Nd8 35. g4 hxg4 36. hxg4 Rg5 37. Kg3 Nxe6 38. Qe4 Nd4 39. Qxe7 Nf5+ 40. Kf4 Rxg4+ 41. Kxg4 Nxe7 42. Rxe7 d5 43. Re5 c4 44. Rxd5 c3 45. Kg5 Kf7 46. Rd6 a5 47. Rxg6 Ke7 48. Kf5 Kd7 49. Ke5 c2 50. Rg1 Kc6 51. Rc1 Kb5 52. Rxc2 a4 53. f4 1-0

[Event "Sotra Varturneringen"]
[Site "Sotra"]
[Date "2002.03.21"]
[Round "6"]
[White "Glesnes, Ivar Magne"]
[Black "Frimanslund, Berge"]
[Result "0-1"]
[WhiteElo "547"]
[BlackElo "824"]
[PlyCount "44"]
[EventDate "2002.01.??"]
[EventType "swiss"]
[EventRounds "10"]
[EventCountry "NOR"]
[SourceTitle "EXT 2006"]
[Source "ChessBase"]
[SourceDate "2005.11.24"]
[SourceVersion "1"]
[SourceVersionDate "2005.11.24"]
[SourceQuality "1"]

1. e4 e5 2. Nf3 Nc6 3. Bc4 Be7 4. Nc3 h6 5. d3 Bb4 6. Bd2 Bxc3 7. Bxc3 d6 8. h3 Nf6 9. 0-0 0-0 10. Bd2 a6 11. Qc1 Be6 12. Bb3 Nd4 13. Bxh6 Ne2+ 14. Kh1 Nxc1 15. Bxc1 Bxb3 16. axb3 Nh5 17. Re1 Nf4 18. Kh2 Qf6 19. g3 Nxh3 20. Kxh3 Qxf3 21. Be3 f6 22. Kh2 Kf7 0-1